Sistema de reajustes en la construcción / (Registro nro. 3433)
[ vista simple ]
| 000 -LEADER | |
|---|---|
| fixed length control field | 00878nam a2200241Ia 4500 |
| 003 - CONTROL NUMBER IDENTIFIER | |
| control field | PE SENCICO BE |
| 005 - DATE AND TIME OF LATEST TRANSACTION | |
| control field | 20260220175615.0 |
| 008 - FIXED-LENGTH DATA ELEMENTS--GENERAL INFORMATION | |
| fixed length control field | 200515s9999 xx 000 0 und d |
| 040 ## - CATALOGING SOURCE | |
| Original cataloging agency | PE SENCICO BE |
| Transcribing agency | PE SENCICO BE |
| 041 ## - LANGUAGE CODE | |
| Language code of text/sound track or separate title | spa |
| 082 ## - DEWEY DECIMAL CLASSIFICATION NUMBER | |
| Classification number | 692.5 |
| Item number | R21S |
| 100 1# - MAIN ENTRY--PERSONAL NAME | |
| Personal name | Ramos Salazar, Jesús |
| 9 (RLIN) | 165 |
| Relator term | autor |
| 245 10 - TITLE STATEMENT | |
| Title | Sistema de reajustes en la construcción / |
| Statement of responsibility, etc. | Jesús Ramos Salazar |
| 250 ## - EDITION STATEMENT | |
| Edition statement | 1a ed. |
| 260 ## - PUBLICATION, DISTRIBUTION, ETC. | |
| Place of publication, distribution, etc. | Lima : |
| Name of publisher, distributor, etc. | CAPECO ; |
| Date of publication, distribution, etc. | 1994 |
| 300 ## - PHYSICAL DESCRIPTION | |
| Extent | 259 páginas : |
| Other physical details | tablas, diagramas ; |
| Dimensions | 27 cm. |
| 520 3# - SUMMARY, ETC. | |
| Summary, etc. | Divulga la metodología y aplicación de las "Fórmulas Polinómicas" como eficaz sistema de reajuste de las variaciones de costos en las obras de construcción |
| 650 10 - SUBJECT ADDED ENTRY--TOPICAL TERM | |
| Topical term or geographic name entry element | Industria de la construcción |
| 9 (RLIN) | 355 |
| 650 20 - SUBJECT ADDED ENTRY--TOPICAL TERM | |
| Topical term or geographic name entry element | Fórmulas polinómicas |
| 9 (RLIN) | 368 |
| 650 20 - SUBJECT ADDED ENTRY--TOPICAL TERM | |
| Topical term or geographic name entry element | Presupuestos de obra |
| 9 (RLIN) | 369 |
| 650 2# - SUBJECT ADDED ENTRY--TOPICAL TERM | |
| Topical term or geographic name entry element | PUB CAPECO |
| 942 ## - ADDED ENTRY ELEMENTS (KOHA) | |
| Koha item type | Libros |
| Source of classification or shelving scheme | Dewey Decimal Classification |
| Fecha de la última vez que lo usaron | Número de ingreso o de inventario | Pago total | Signatura topográfica completa | Código de barras | Tipo de documento | Estado perdido | Sistema de clasificación | Estado dañado | Restricciones de uso | No es para préstamo | Retirado | Ubicación permanente | Ubicación actual | Fecha de adquisición | Precio efectivo desde |
|---|---|---|---|---|---|---|---|---|---|---|---|---|---|---|---|
| 15/05/2020 | 4618 | 692.5/R21S | BibLima26012602 | Libros | Dewey Decimal Classification | Solo para lectura en sala | Biblioteca Central Lima | Biblioteca Central Lima | 15/05/2020 | ||||||
| 05/01/2026 | 692.5/R21S | BibZtruj26012603 | Libros | Dewey Decimal Classification | Biblioteca Trujillo | Biblioteca Trujillo | 05/01/2026 | 05/01/2026 | |||||||
| 05/01/2026 | 692.5/R21S/ej. 2 | BibZtruj26012604 | Libros | Dewey Decimal Classification | Biblioteca Trujillo | Biblioteca Trujillo | 05/01/2026 | 05/01/2026 |